00918nam a2200265 a 4500001000900000005001700009008004100026020001500067020001500082040001800097050002200115100003000137245004900167260004100216300002900257500003400286504003200320650005200352650004300404650003700447650004100484942001100525999001300536952010300549BRCA_83620190320203154.0760109s1974 nmua---##b---#001-0#eng-# a0890130655 a0890130663 aDLCcDLCdDLC 4aNK7112b.B63 19741 aBoylan, Leona Davis9278010aSpanish Colonial SilvercLeona Davis Boylan. aSanta FebMuseum of New Mexicoc1974 avii, 202 p.bil.c25 cm. aIncluye índice alfabético aBibliografía : p. 159-16214aTrabajo en plata colonialzNuevo México9278114aTrabajo en platazNuevo México9278214aTrabajo en platazEspaña9278314aMarcas del contrastezEspaña92784 2lcccB c731d731 00104070aBRCAbBRCAd2008-06-26l0oNK7112 .B63 1974p01306r2019-03-22 00:00:00w2019-03-22yB